00441nam a2200169Ia 450000500170000000800410001704000190005804100120007708200200008910000170010924500490012626000330017530000160020850400190022470000180024385000100026120230328100218.0131103s9999 xx 000 0 und d aLoreto College aEnglish a822.91bSHA-WAR aShaw,Bernard aSaint JoancBernard Shaw; edited by A.C.Ward aBombaybOrient Longmanc1954 alxv,165 p.  aIncludes notes aWard,A.C.,ed. aLCLIB